[Event "II Weekend FirenzeScacchi A"]
[Site "Firenze ITA"]
[Date "2007.10.27"]
[Round "4"]
[White "Rinaldi, Francesco Saverio"]
[Black "Tocchioni, Doriano"]
[Result "0-1"]
[WhiteElo "2187"]
[BlackElo "2290"]
[PlyCount "78"]
[EventDate "2007.10.26"]

1. Nf3 d5 2. d4 Nf6 3. e3 Bg4 4. c4 c6 5. cxd5 Nxd5 6. Be2 e6 7. Nc3 Nd7 8. O-O
Bd6 9. e4 Nf4 10. Bxf4 Bxf4 11. d5 O-O 12. dxc6 bxc6 13. Nd4 Bxe2 14. Ncxe2 Be5
15. Nxc6 Bxh2+ 16. Kxh2 Qc7+ 17. Ng3 Qxc6 18. Qe2 Rfd8 19. Rac1 Qb6 20. Rc3
Rac8 21. Rfc1 Rxc3 22. Rxc3 Ne5 23. Qc2 g6 24. Rc8 h5 25. Rxd8+ Qxd8 26. Nf1
Qd3 27. Ne3 Qxc2 28. Nxc2 Nd3 29. f3 Nxb2 30. Kg3 Nc4 31. Kf4 e5+ 32. Kg3 f6
33. Nb4 Kf7 34. Kh4 Ke6 35. Nd5 Nb6 36. Ne3 Na4 37. Nd5 Nc5 38. g4 hxg4 39.
Kxg4 f5+ 0-1

[Event "II Weekend FirenzeScacchi A"]
[Site "Firenze ITA"]
[Date "2007.10.27"]
[Round "4"]
[White "Scali, Fausto"]
[Black "Adriani, Vieri"]
[Result "0-1"]
[WhiteElo "2042"]
[BlackElo "1662"]
[PlyCount "120"]
[EventDate "2007.10.26"]

1. e4 c6 2. d4 d5 3. Nc3 dxe4 4. Nxe4 Bf5 5. Ng3 Bg6 6. Nf3 e6 7. Ne5 Nd7 8.
Nxg6 hxg6 9. Be2 Bd6 10. Qd3 Qb6 11. Qb3 Ngf6 12. c4 c5 13. Qxb6 Nxb6 14. Be3
cxd4 15. Bxd4 Bb4+ 16. Kf1 Rh4 17. Bxb6 axb6 18. a3 Bc5 19. Rd1 Rf4 20. Bf3
Rxc4 21. Bxb7 Ra7 22. Bc6+ Ke7 23. b4 Bxf2 24. Kxf2 Rxc6 25. Rd3 Ng4+ 26. Kg1
Rc2 27. Rf3 Ne5 28. Re3 Rc1+ 29. Nf1 Nc4 30. Rf3 Nd2 31. Rf2 Ne4 32. Ra2 Nc3
33. Rf2 Rxa3 34. h3 Raa1 35. Kh2 Rab1 36. Ng3 Rxh1+ 37. Nxh1 Rxb4 38. Ng3 b5
39. Rf3 Rc4 40. Nf1 b4 41. Nd2 Rc8 42. Rf4 Rd8 43. Nc4 Rb8 44. Ne5 Ke8 45. Nxf7
b3 46. Nd6+ Ke7 47. Nc4 Rb4 48. Rg4 Rxc4 49. Rxc4 b2 50. Rb4 b1=Q 51. Rxb1 Nxb1
52. Kg3 g5 53. h4 Kf6 54. hxg5+ Kxg5 55. Kf3 Nd2+ 56. Ke3 Nc4+ 57. Kd4 Kh4 58.
Kxc4 Kg3 59. Kd4 Kxg2 60. Ke5 g5 0-1

[Event "II Weekend FirenzeScacchi A"]
[Site "Firenze ITA"]
[Date "2007.10.28"]
[Round "5"]
[White "Adriani, Vieri"]
[Black "Corso, Roberto"]
[Result "1/2-1/2"]
[WhiteElo "1662"]
[BlackElo "2096"]
[PlyCount "88"]
[EventDate "2007.10.26"]

1. d4 d5 2. c4 c6 3. Nf3 Nf6 4. cxd5 cxd5 5. Nc3 e6 6. Bf4 Qb6 7. Qc2 Nc6 8. e3
Ne4 9. a3 Qa5 10. Nd2 Nxd2 11. Kxd2 Bd7 12. Bd3 Qd8 13. Rac1 a6 14. h4 h6 15.
f3 Be7 16. h5 Rc8 17. Ke2 Bf6 18. Kf2 O-O 19. Bd6 Re8 20. Bh7+ Kh8 21. Rhd1 Ne7
22. Bf4 Qb6 23. g4 Rc4 24. Kg3 Rec8 25. Bd3 Ba4 26. Qd2 Bxd1 27. Bxc4 Bxf3 28.
Bd3 Be4 29. Nxe4 dxe4 30. Rxc8+ Nxc8 31. Bxe4 Ne7 32. Qc2 Nc6 33. b4 Kg8 34.
Qc4 Be7 35. d5 exd5 36. Qxd5 Kf8 37. Qf5 Qd8 38. Qh7 Bf6 39. Kh3 Qd1 40. Qh8+
Ke7 41. Qc8 Qd7 42. Bf5 Qxc8 43. Bxc8 Nd8 44. Bc7 Bb2 1/2-1/2

[Event "II Weekend FirenzeScacchi A"]
[Site "Firenze ITA"]
[Date "2007.10.28"]
[Round "5"]
[White "Bighiu, Gheorghe"]
[Black "Ljubisavljevic, Zivojin Z."]
[Result "1-0"]
[WhiteElo "2043"]
[BlackElo "2319"]
[PlyCount "83"]
[EventDate "2007.10.26"]

1. e4 b6 2. d4 Bb7 3. Bd3 e6 4. c4 Nf6 5. Nc3 Bb4 6. Qe2 c5 7. d5 e5 8. f4 d6
9. fxe5 dxe5 10. Nf3 Qd6 11. O-O Bxc3 12. bxc3 Bc8 13. Nh4 O-O 14. Nf5 Bxf5 15.
Rxf5 Nbd7 16. Bg5 g6 17. Rf2 Kg7 18. Raf1 Ng8 19. Qg4 f6 20. Be3 h5 21. Qh3 Rf7
22. g4 hxg4 23. Qxg4 Nf8 24. Qh4 Nh7 25. Be2 Kh8 26. Bg4 Rg7 27. Be6 f5 28. Bg5
f4 29. Rf3 Re8 30. Rh3 Rxe6 31. dxe6 Qxe6 32. Rd1 Rd7 33. Rxd7 Qxd7 34. Bf6+
Ngxf6 35. Qxf6+ Qg7 36. Qd8+ Qg8 37. Qc7 Qg7 38. Qb8+ Qg8 39. Qxa7 g5 40. Qxb6
Qc8 41. Qf6+ Kg8 42. Qg6+ 1-0

[Event "II Weekend FirenzeScacchi A"]
[Site "Firenze ITA"]
[Date "2007.10.28"]
[Round "5"]
[White "Bini, Alessandro"]
[Black "Cocuzzi, Edoardo"]
[Result "1/2-1/2"]
[WhiteElo "2009"]
[BlackElo "1892"]
[PlyCount "128"]
[EventDate "2007.10.26"]

1. c4 e5 2. Nc3 Nc6 3. g3 d6 4. Bg2 Be6 5. Qa4 Nge7 6. Nd5 Qd7 7. e3 f5 8. Ne2
Bxd5 9. cxd5 Nd8 10. Qxd7+ Kxd7 11. Nc3 e4 12. O-O g6 13. f3 exf3 14. Bxf3 Bg7
15. d3 Nf7 16. Kg2 Ne5 17. Be2 Rae8 18. d4 Ng4 19. h3 Nf6 20. Bb5+ c6 21. dxc6+
bxc6 22. Bd3 Rhf8 23. Bd2 Ned5 24. Rae1 Rb8 25. Nd1 Bh6 26. a3 Rb3 27. Bc2 Rbb8
28. Bc1 Rfe8 29. Kf3 Re7 30. Re2 Rbe8 31. Rfe1 Ne4 32. Nf2 Ndf6 33. Nxe4 Nxe4
34. d5 Rb8 35. Ba4 Nc5 36. Bxc6+ Kd8 37. b4 Nd3 38. Rd1 Ne5+ 39. Kf2 Nxc6 40.
dxc6 Kc7 41. Rd3 Kxc6 42. Rc2+ Kd7 43. Rdc3 Rb7 44. Rc4 Re4 45. Kf3 Rxc4 46.
Rxc4 Bg5 47. a4 Rc7 48. Rxc7+ Kxc7 49. Bb2 d5 50. Ke2 Be7 51. Bc3 a6 52. Kd3
Kc6 53. Be1 Bf6 54. g4 fxg4 55. hxg4 h5 56. gxh5 gxh5 57. Ke2 h4 58. Kf3 Bg5
59. Bf2 Be7 60. Be1 Bg5 61. e4 dxe4+ 62. Kxe4 h3 63. Bg3 Kb7 64. Kf3 Be7
1/2-1/2

[Event "II Weekend FirenzeScacchi A"]
[Site "Firenze ITA"]
[Date "2007.10.28"]
[Round "5"]
[White "Codenotti, Marco"]
[Black "Bartoli, Fabio"]
[Result "0-1"]
[WhiteElo "2002"]
[BlackElo "1662"]
[PlyCount "92"]
[EventDate "2007.10.26"]

1. e4 c5 2. Nf3 d6 3. d4 cxd4 4. Nxd4 Nf6 5. Nc3 a6 6. f4 e5 7. Nf3 Qc7 8. Bd3
Be7 9. O-O b5 10. Kh1 Bb7 11. Qe1 Nbd7 12. fxe5 dxe5 13. Nh4 b4 14. Nd1 Nc5 15.
Nf5 Ne6 16. Nde3 O-O 17. Qh4 Nf4 18. Rxf4 exf4 19. e5 Qxe5 20. Ng4 Bxg2+ 21.
Kxg2 Qd5+ 22. Kh3 Qf3+ 23. Ng3 Qxg4+ 24. Qxg4 Nxg4 25. Nf5 Nf2+ 26. Kg2 Bc5 27.
Bc4 Ng4 28. Bxf4 g6 29. Ng3 Ne3+ 30. Bxe3 Bxe3 31. Ne4 Bd4 32. c3 bxc3 33. bxc3
Bg7 34. Rf1 a5 35. Bd5 Rad8 36. c4 Rb8 37. Nd6 Rb2+ 38. Kh1 Rxh2+ 39. Kxh2 Be5+
40. Kg2 Bxd6 41. Rf6 Be7 42. Rc6 Kg7 43. Rc7 Bd6 44. Rc6 Bb4 45. Rc7 g5 46. Kg3
Bd6+ 0-1

[Event "II Weekend FirenzeScacchi A"]
[Site "Firenze ITA"]
[Date "2007.10.28"]
[Round "5"]
[White "Contini, Davide"]
[Black "Rinaldi, Francesco Saverio"]
[Result "1-0"]
[WhiteElo "2173"]
[BlackElo "2187"]
[PlyCount "63"]
[EventDate "2007.10.26"]

1. d4 g6 2. e4 Bg7 3. c4 d6 4. Nc3 Nf6 5. Be2 O-O 6. Nf3 Na6 7. O-O e5 8. d5
Nc5 9. Qc2 a5 10. Be3 b6 11. Nd2 Bg4 12. f3 Bd7 13. b3 Nh5 14. a3 Qe8 15. b4
axb4 16. axb4 Na6 17. Rfb1 Nxb4 18. Qb2 Na6 19. Nb5 Bxb5 20. cxb5 Nc5 21. Rxa8
Qxa8 22. Ra1 Qc8 23. Bxc5 dxc5 24. Nc4 Nf4 25. Bf1 f5 26. d6 fxe4 27. fxe4 cxd6
28. Nxd6 Qg4 29. Qb3+ Kh8 30. Nf7+ Rxf7 31. Qxf7 h5 32. Ra7 1-0

[Event "II Weekend FirenzeScacchi A"]
[Site "Firenze ITA"]
[Date "2007.10.28"]
[Round "5"]
[White "Del Giudice, Stefano"]
[Black "Scali, Fausto"]
[Result "0-1"]
[WhiteElo "2030"]
[BlackElo "2042"]
[PlyCount "82"]
[EventDate "2007.10.26"]

1. Nf3 Nf6 2. g3 d5 3. Bg2 c5 4. d4 cxd4 5. Nxd4 e5 6. Nb3 Nc6 7. O-O Be7 8.
Bg5 Be6 9. Bxf6 gxf6 10. Na3 d4 11. f4 Qd7 12. e4 dxe3 13. Qxd7+ Bxd7 14. Rae1
a5 15. Nc4 O-O 16. c3 Rfd8 17. Nxe3 a4 18. Nd2 Bc5 19. Ne4 Bxe3+ 20. Rxe3 Kg7
21. fxe5 fxe5 22. Nd6 Be8 23. Nf5+ Kh8 24. Re2 a3 25. Be4 axb2 26. Rxb2 Ra5 27.
Nh6 Kg7 28. Nf5+ Kh8 29. Rxb7 Rxa2 30. Nh6 Rdd2 31. Nxf7+ Bxf7 32. Rfxf7 Ra1+
33. Rf1 Rxf1+ 34. Kxf1 Na5 35. Rxh7+ Kg8 36. Rh5 Kg7 37. Rxe5 Nc4 38. Rg5+ Kf6
39. h4 Ne3+ 40. Ke1 Rh2 41. Rf5+ Nxf5 0-1

[Event "II Weekend FirenzeScacchi A"]
[Site "Firenze ITA"]
[Date "2007.10.28"]
[Round "5"]
[White "Madiai, Federico"]
[Black "Burgassi, Daniele"]
[Result "1-0"]
[WhiteElo "2055"]
[BlackElo "1939"]
[PlyCount "67"]
[EventDate "2007.10.26"]

1. Nf3 c5 2. g3 d5 3. Bg2 Nc6 4. d4 e6 5. O-O Nf6 6. c4 dxc4 7. Qa4 Bd7 8. Qxc4
b5 9. Qd3 c4 10. Qd1 Rc8 11. b3 Nb4 12. bxc4 bxc4 13. Nc3 Nbd5 14. Nxd5 Nxd5
15. e4 Nb4 16. Ne5 Bb5 17. Nxf7 Kxf7 18. Qh5+ g6 19. Qxb5 Nd3 20. Be3 h5 21.
Rab1 Bd6 22. e5 Be7 23. f4 a5 24. d5 Bc5 25. dxe6+ Kg8 26. Bxc5 Rxc5 27. Qb8
Rc8 28. Qd6 c3 29. e7 Qxd6 30. exd6 Kf7 31. Bd5+ Ke8 32. Be6 Ra8 33. Rbd1 Nc5
34. f5 1-0

[Event "II Weekend FirenzeScacchi A"]
[Site "Firenze ITA"]
[Date "2007.10.28"]
[Round "5"]
[White "Malescusi, Luciano"]
[Black "Ghods, Maziar"]
[Result "1-0"]
[WhiteElo "1873"]
[BlackElo "1874"]
[PlyCount "82"]
[EventDate "2007.10.26"]

1. Nf3 Nf6 2. g3 g6 3. Bg2 Bg7 4. O-O d5 5. c4 c6 6. cxd5 cxd5 7. Nc3 O-O 8. d4
Nc6 9. Qb3 e6 10. Rd1 Nd7 11. Bg5 Qb6 12. Qxb6 Nxb6 13. b3 Bd7 14. Rac1 Rfc8
15. Bf4 f6 16. Bd6 Be8 17. e3 Bf8 18. Bxf8 Kxf8 19. e4 Kg7 20. Bh3 dxe4 21.
Nxe4 Bf7 22. Nd6 Rc7 23. Nxb7 Rxb7 24. Rxc6 Re8 25. Bg2 Rd7 26. g4 h6 27. h4 g5
28. hxg5 hxg5 29. Ne1 Bg6 30. a4 Kf7 31. a5 Nd5 32. Bxd5 Rxd5 33. Rc7+ Re7 34.
Rxe7+ Kxe7 35. Ng2 Rxa5 36. Ne3 Ra2 37. d5 exd5 38. Nxd5+ Ke6 39. Nc7+ Ke5 40.
Kg2 Re2 41. Kf3 Rc2 1-0

[Event "II Weekend FirenzeScacchi A"]
[Site "Firenze ITA"]
[Date "2007.10.28"]
[Round "5"]
[White "Tocchioni, Doriano"]
[Black "De Filomeno, Simone"]
[Result "1-0"]
[WhiteElo "2290"]
[BlackElo "2045"]
[PlyCount "87"]
[EventDate "2007.10.26"]

1. d4 Nf6 2. Nf3 g6 3. c3 Bg7 4. Bg5 d5 5. Nbd2 Bf5 6. h3 O-O 7. g4 Be4 8. Bg2
c5 9. e3 Nbd7 10. O-O Re8 11. Bxf6 Nxf6 12. g5 Nh5 13. Nxe4 dxe4 14. Nd2 e5 15.
dxc5 Qxg5 16. Nxe4 Qe7 17. Nd6 Red8 18. Bd5 Nf6 19. b4 e4 20. Rc1 Nxd5 21. Qxd5
Be5 22. Rfd1 Qg5+ 23. Kf1 Rxd6 24. cxd6 Qf5 25. Ke1 Rd8 26. d7 Kg7 27. Qxb7 Qf3
28. Qb5 Bg3 29. Qe2 Qh1+ 30. Qf1 Qf3 31. fxg3 Qxe3+ 32. Qe2 Qxg3+ 33. Qf2 Qxh3
34. Qd4+ Kf8 35. Qh8+ Ke7 36. Qe5+ Kf8 37. Qxe4 Qg3+ 38. Kf1 Qh3+ 39. Qg2 Qf5+
40. Kg1 h5 41. Rf1 Qxd7 42. Qxg6 Qe7 43. Rxf7+ Qxf7 44. Rf1 1-0

[Event "II Weekend FirenzeScacchi A"]
[Site "Firenze ITA"]
[Date "2007.10.28"]
[Round "5"]
[White "Tocchioni, Maurizio"]
[Black "Bini, Lorenzo"]
[Result "0-1"]
[WhiteElo "1916"]
[BlackElo "2023"]
[PlyCount "68"]
[EventDate "2007.10.26"]

1. d4 f5 2. Nf3 c6 3. a3 a5 4. c4 Nf6 5. Nc3 d6 6. g3 g6 7. Bg2 Bg7 8. O-O O-O
9. e3 Qc7 10. Qb3 Kh8 11. Bd2 Be6 12. Rac1 Nbd7 13. Ng5 Bg8 14. d5 Nc5 15. Qc2
a4 16. e4 fxe4 17. Ngxe4 Nfxe4 18. Nxe4 Nb3 19. Bc3 Nxc1 20. Bxg7+ Kxg7 21.
Qc3+ Kf7 22. Ng5+ Ke8 23. Rxc1 cxd5 24. Bxd5 Bxd5 25. cxd5 Qxc3 26. Rxc3 Kd7
27. Rc4 Rf5 28. h4 Rxd5 29. Nxh7 b5 30. Rg4 Rc8 31. Rxg6 Rc2 32. Rg5 Rxg5 33.
Nxg5 Rxb2 34. h5 b4 0-1

[Event "II Weekend FirenzeScacchi A"]
[Site "Firenze ITA"]
[Date "2007.10.28"]
[Round "6"]
[White "Bartoli, Fabio"]
[Black "Contini, Davide"]
[Result "1/2-1/2"]
[WhiteElo "1662"]
[BlackElo "2173"]
[PlyCount "45"]
[EventDate "2007.10.26"]

1. e4 g6 2. d4 Bg7 3. c3 d6 4. Be3 Nf6 5. f3 O-O 6. Bc4 d5 7. Bd3 dxe4 8. fxe4
c5 9. d5 Qc7 10. Nd2 Ng4 11. Qe2 Nxe3 12. Qxe3 e6 13. Bc4 exd5 14. Bxd5 Nd7 15.
Ngf3 Nf6 16. Bb3 Ng4 17. Qe2 Ne5 18. Nxe5 Qxe5 19. Nf3 Qe7 20. O-O Be6 21. Bxe6
Qxe6 22. Ng5 Qe7 23. Qg4 1/2-1/2

[Event "II Weekend FirenzeScacchi A"]
[Site "Firenze ITA"]
[Date "2007.10.28"]
[Round "6"]
[White "Bini, Lorenzo"]
[Black "Tocchioni, Doriano"]
[Result "0-1"]
[WhiteElo "2023"]
[BlackElo "2290"]
[PlyCount "52"]
[EventDate "2007.10.26"]

1. f4 Nf6 2. b3 d6 3. Bb2 Bg4 4. Nf3 Nbd7 5. d4 c6 6. Nc3 Qa5 7. Qd2 e6 8. e4
Bxf3 9. gxf3 d5 10. a3 g6 11. b4 Qc7 12. f5 exf5 13. e5 Nh5 14. O-O-O Ng7 15.
Kb1 Ne6 16. Na4 b5 17. Nc5 Ndxc5 18. dxc5 h5 19. h4 Bh6 20. Qe1 Bf4 21. Rg1 a5
22. Rd3 axb4 23. axb4 Ke7 24. Rg2 Ra4 25. Qc3 Rha8 26. Re2 Qd7 0-1

[Event "II Weekend FirenzeScacchi A"]
[Site "Firenze ITA"]
[Date "2007.10.28"]
[Round "6"]
[White "Burgassi, Daniele"]
[Black "Del Giudice, Stefano"]
[Result "0-1"]
[WhiteElo "1939"]
[BlackElo "2030"]
[PlyCount "78"]
[EventDate "2007.10.26"]

1. e4 e5 2. Nf3 Nc6 3. d4 exd4 4. Nxd4 Bc5 5. Nb3 Bb6 6. Nc3 Nf6 7. Bd3 d6 8.
h3 Be6 9. a4 a6 10. a5 Ba7 11. Ne2 Qd7 12. Be3 Bxe3 13. fxe3 Bxb3 14. cxb3 Ne5
15. O-O Nxd3 16. Qxd3 Qb5 17. Qxb5+ axb5 18. Nc3 c6 19. b4 Ke7 20. Kf2 Nd7 21.
Ke2 Ne5 22. b3 h5 23. g3 Rh6 24. Rg1 g5 25. Rgf1 g4 26. h4 Nf3 27. Rf2 Re6 28.
Kd3 Ne5+ 29. Ke2 Nf3 30. Kd3 Re5 31. Rfa2 Ra6 32. Re2 f5 33. exf5 Rxf5 34. Rg2
Ne5+ 35. Ke2 d5 36. e4 Rf3 37. exd5 Rxc3 38. d6+ Kd7 39. Kf1 Ra8 0-1

[Event "II Weekend FirenzeScacchi A"]
[Site "Firenze ITA"]
[Date "2007.10.28"]
[Round "6"]
[White "Cocuzzi, Edoardo"]
[Black "Tocchioni, Maurizio"]
[Result "1-0"]
[WhiteElo "1892"]
[BlackElo "1916"]
[PlyCount "89"]
[EventDate "2007.10.26"]

1. e4 d5 2. exd5 Qxd5 3. Nc3 Qa5 4. Bc4 Bf5 5. Qf3 c6 6. d3 e6 7. Bd2 Nd7 8.
Qg3 Qe5+ 9. Nge2 Qxg3 10. Nxg3 Bg6 11. f4 Nh6 12. O-O-O O-O-O 13. Rhf1 Nb6 14.
Bb3 Be7 15. Be3 Rd7 16. h3 Bf6 17. Nge2 Nf5 18. Bf2 Nd4 19. Nxd4 Bxd4 20. Bxd4
Rxd4 21. Ne2 Rd6 22. g4 f6 23. Ng3 Nd5 24. Rde1 Bf7 25. f5 e5 26. Ne4 Rd7 27.
Nc5 Re7 28. Ne4 Kc7 29. g5 Rf8 30. gxf6 Nxf6 31. Ng5 Bxb3 32. axb3 Kd6 33. Ne4+
Nxe4 34. dxe4 Ref7 35. Rg1 Rg8 36. Re2 g6 37. h4 Rfg7 38. Reg2 Ke7 39. h5 Kd6
40. h6 Re7 41. fxg6 Kc5 42. g7 Kd4 43. Rf1 Ree8 44. Rgf2 Kxe4 45. Rf8 1-0

[Event "II Weekend FirenzeScacchi A"]
[Site "Firenze ITA"]
[Date "2007.10.28"]
[Round "6"]
[White "Codenotti, Marco"]
[Black "Malescusi, Luciano"]
[Result "1/2-1/2"]
[WhiteElo "2002"]
[BlackElo "1873"]
[PlyCount "68"]
[EventDate "2007.10.26"]

1. e4 e5 2. Nf3 Nc6 3. Bb5 d6 4. d4 Bd7 5. Nc3 Nf6 6. O-O Be7 7. Re1 exd4 8.
Nxd4 O-O 9. Bxc6 bxc6 10. Nf3 Ne8 11. Qe2 Bg4 12. h3 Bh5 13. e5 d5 14. g4 Bg6
15. Nd4 Qd7 16. e6 fxe6 17. Qxe6+ Qxe6 18. Rxe6 Bc5 19. Be3 Bxd4 20. Bxd4 Nd6
21. Bc5 Rf3 22. Kg2 Raf8 23. Re7 R3f7 24. Rxf7 Kxf7 25. Bxa7 Bxc2 26. Rc1 Bd3
27. Rd1 Bg6 28. b3 Ke6 29. Be3 Ne4 30. Ne2 Ra8 31. Nd4+ Kd7 32. a4 c5 33. Nb5
c6 34. Na3 Rb8 1/2-1/2

[Event "II Weekend FirenzeScacchi A"]
[Site "Firenze ITA"]
[Date "2007.10.28"]
[Round "6"]
[White "De Filomeno, Simone"]
[Black "Bighiu, Gheorghe"]
[Result "1-0"]
[WhiteElo "2045"]
[BlackElo "2043"]
[PlyCount "51"]
[EventDate "2007.10.26"]

1. e4 e5 2. Nf3 Nf6 3. Nxe5 d6 4. Nf3 Nxe4 5. d4 d5 6. Bd3 Nc6 7. O-O Bg4 8.
Re1 Be7 9. c3 f5 10. Nbd2 O-O 11. Qb3 Na5 12. Qa4 c5 13. Ne5 Bh5 14. f3 cxd4
15. fxe4 dxc3 16. bxc3 fxe4 17. Nxe4 dxe4 18. Qxe4 Bg6 19. Nxg6 hxg6 20. Qe6+
Kh8 21. Qxg6 Kg8 22. Qe6+ Kh8 23. Qh3+ Bh4 24. Re4 g5 25. Bxg5 Qxg5 26. Rxh4+
1-0

[Event "II Weekend FirenzeScacchi A"]
[Site "Firenze ITA"]
[Date "2007.10.28"]
[Round "6"]
[White "Ljubisavljevic, Zivojin Z."]
[Black "Madiai, Federico"]
[Result "0-1"]
[WhiteElo "2319"]
[BlackElo "2055"]
[PlyCount "60"]
[EventDate "2007.10.26"]

1. b3 e5 2. Bb2 Nc6 3. e3 d5 4. Bb5 Bd6 5. f4 f6 6. fxe5 fxe5 7. Bxc6+ bxc6 8.
Qh5+ g6 9. Qe2 Nf6 10. Nf3 Qe7 11. Nc3 a5 12. O-O-O Ba6 13. Qf2 Nd7 14. Qh4
Qxh4 15. Nxh4 Ke7 16. d3 Rhf8 17. Rhf1 Rxf1 18. Rxf1 e4 19. g3 exd3 20. cxd3
Bxd3 21. Rd1 Nc5 22. Nf3 Rf8 23. Ne1 Ba6 24. Nb1 Rf2 25. Na3 Rxh2 26. Nac2 Bxg3
27. Kb1 Rh1 28. Rc1 Ne4 29. Nf3 Rxc1+ 30. Kxc1 c5 0-1

[Event "II Weekend FirenzeScacchi A"]
[Site "Firenze ITA"]
[Date "2007.10.28"]
[Round "6"]
[White "Rinaldi, Francesco Saverio"]
[Black "Bini, Alessandro"]
[Result "1-0"]
[WhiteElo "2187"]
[BlackElo "2009"]
[PlyCount "118"]
[EventDate "2007.10.26"]

1. Nf3 g6 2. d4 Bg7 3. c4 Nf6 4. Nc3 d6 5. e3 O-O 6. Be2 c5 7. O-O Nfd7 8. Qc2
Nc6 9. d5 Nce5 10. Nd2 Nf6 11. f4 Neg4 12. Nf3 Nh5 13. h3 Nh6 14. Kh2 f5 15.
Ng5 Nf6 16. Bf3 Rb8 17. Bd2 Bd7 18. Ne6 Bxe6 19. dxe6 Qc8 20. Bd5 a6 21. a4 b5
22. axb5 axb5 23. cxb5 Nxd5 24. Nxd5 Qxe6 25. Qd3 Qd7 26. Ra5 e6 27. Nc3 d5 28.
Rfa1 c4 29. Qc2 Nf7 30. Ra7 Rb7 31. Qa4 Nd6 32. Rxb7 Qxb7 33. Qa6 Qd7 34. Na4
Re8 35. Bc3 Nb7 36. Nb6 Qc7 37. Na8 Qb8 38. Bxg7 Kxg7 39. Qc6 Kf7 40. Nc7 Re7
41. b6 Nd8 42. Qb5 Qb7 43. Qa6 Qc6 44. Qc8 Qxb6 45. Qxd8 Qxc7 46. Qh8 e5 47.
Qxh7+ Ke6 48. Qxg6+ Kd7 49. Qxf5+ Kc6 50. Qf6+ Kc5 51. Qa6 Qb6 52. Qa3+ Qb4 53.
Qa5+ Qxa5 54. Rxa5+ Kc6 55. f5 Rf7 56. f6 d4 57. exd4 exd4 58. Rf5 c3 59. bxc3
dxc3 1-0

[Event "II Weekend FirenzeScacchi A"]
[Site "Firenze ITA"]
[Date "2007.10.28"]
[Round "6"]
[White "Scali, Fausto"]
[Black "Corso, Roberto"]
[Result "0-1"]
[WhiteElo "2042"]
[BlackElo "2096"]
[PlyCount "78"]
[EventDate "2007.10.26"]

1. e4 c5 2. Nf3 e6 3. Nc3 a6 4. d4 cxd4 5. Nxd4 Qc7 6. Be2 b5 7. O-O Bb7 8. a3
Nf6 9. Bf3 d6 10. Be3 Nbd7 11. g3 Be7 12. Bg2 Rc8 13. f4 Nc5 14. e5 dxe5 15.
Bxb7 exd4 16. Bxc8 dxc3 17. Bxe6 Nxe6 18. bxc3 Qxc3 19. Qd2 Qc6 20. Qg2 Qc3 21.
Qd2 Qc4 22. f5 Nc7 23. Rfe1 O-O 24. Qe2 Qc6 25. Qg2 Ncd5 26. Bd4 h6 27. Rad1
Bc5 28. Kh1 Bxd4 29. Rxd4 Qc3 30. Qd2 Qxa3 31. Rxd5 Qf3+ 32. Kg1 Nxd5 33. Qa5
Nc3 34. Qxa6 Ne2+ 35. Rxe2 Qxe2 36. Qa5 Rc8 37. f6 Qd1+ 38. Kg2 Rxc2+ 39. Kh3
Qh5# 0-1

[Event "XIII Festival B"]
[Site "Verona ITA"]
[Date "2007.01.03"]
[Round "1"]
[White "Garonzi, Martino"]
[Black "Zoldan, Matteo"]
[Result "0-1"]
[WhiteElo "1934"]
[BlackElo "2105"]
[PlyCount "72"]
[EventDate "2007.01.03"]

1. e4 c5 2. Nf3 d6 3. d4 cxd4 4. Nxd4 Nf6 5. Nc3 e6 6. Bc4 a6 7. Bb3 b5 8. O-O
Be7 9. Re1 O-O 10. Bg5 Bd7 11. a3 h6 12. Bh4 Nc6 13. Bg3 Qc7 14. Nxc6 Bxc6 15.
e5 dxe5 16. Bxe5 Qb7 17. f3 Bc5+ 18. Kh1 Ng4 19. Bg3 Bf2 20. Qe2 Bxe1 21. Rxe1
Nf6 22. Be5 Nd7 23. Bd4 Rad8 24. Qf2 e5 25. Bxe5 Nxe5 26. Rxe5 Rfe8 27. Rf5 Re7
28. Qh4 Qc7 29. h3 Rde8 30. f4 Qa7 31. Kh2 Kh7 32. Bd5 Bxd5 33. Nxd5 Re1 34.
Nf6+ gxf6 35. Rxf6 Qg1+ 36. Kg3 Rg8+ 0-1

[Event "XIII Festival B"]
[Site "Verona ITA"]
[Date "2007.01.04"]
[Round "2"]
[White "Fagnani, Alessandro"]
[Black "Caprino, Marco"]
[Result "0-1"]
[WhiteElo "1713"]
[BlackElo "1497"]
[PlyCount "86"]
[EventDate "2007.01.03"]

1. e4 c5 2. Nf3 Nc6 3. d4 cxd4 4. Nxd4 g6 5. Nc3 Bg7 6. Be3 Nf6 7. Bc4 O-O 8.
f3 a6 9. Qd2 b5 10. Bb3 Na5 11. g4 Nxb3 12. axb3 Bb7 13. h4 e5 14. Nde2 d5 15.
Bg5 d4 16. Na2 Qc7 17. h5 Rfc8 18. Rc1 Ne8 19. Bh6 Bh8 20. Ng3 a5 21. Bg5 a4
22. Nf5 gxf5 23. gxf5 Kf8 24. Rg1 f6 25. Bh6+ Ke7 26. c3 axb3 27. cxd4 Qa5 28.
Nc3 b4 29. Ne2 Rc2 30. Qd3 Ba6 31. Qxb3 Rxe2+ 32. Kd1 Qb6 33. Rc5 Rd8 34. Bf8+
Kxf8 35. Qg8+ Ke7 36. Qxh7+ Kd6 37. Qf7 exd4 38. Rc1 Ke5 39. f4+ Kxf4 40. Rf1+
Ke3 41. Rg1 Qb5 42. Rg3+ Kf2 43. Qg6 Rd2+ 0-1

[Event "XIII Festival B"]
[Site "Verona ITA"]
[Date "2007.01.04"]
[Round "2"]
[White "Zoldan, Matteo"]
[Black "Rossi, Giampiero"]
[Result "1-0"]
[WhiteElo "2105"]
[BlackElo "1980"]
[PlyCount "41"]
[EventDate "2007.01.03"]

1. e4 c5 2. Nf3 e6 3. d4 cxd4 4. Nxd4 a6 5. Nc3 Qc7 6. Be3 Nf6 7. a3 d6 8. f4
Be7 9. Bd3 Bd7 10. Qf3 Nc6 11. O-O O-O 12. Kh1 Rfc8 13. Rae1 Rab8 14. Nxc6 Bxc6
15. Qh3 e5 16. fxe5 dxe5 17. Bg5 Re8 18. Bxf6 Bxf6 19. Rxf6 gxf6 20. Re3 b5 21.
Qh6 1-0

[Event "XIII Festival B"]
[Site "Verona ITA"]
[Date "2007.01.04"]
[Round "3"]
[White "Palma, Antonio"]
[Black "Zoldan, Matteo"]
[Result "1-0"]
[WhiteElo "1995"]
[BlackElo "2105"]
[PlyCount "67"]
[EventDate "2007.01.03"]

1. d4 Nf6 2. c4 g6 3. Nc3 Bg7 4. e4 d6 5. f3 O-O 6. Be3 e5 7. d5 c6 8. Bd3 cxd5
9. cxd5 Nh5 10. Nge2 f5 11. exf5 gxf5 12. O-O Nd7 13. Rc1 Nc5 14. Bb1 a6 15.
Qd2 Kh8 16. Kh1 Qe8 17. Bh6 Qg6 18. Bxg7+ Qxg7 19. b4 Nd7 20. f4 exf4 21. Nxf4
Nxf4 22. Rxf4 Ne5 23. Rcf1 Bd7 24. Bxf5 Bxf5 25. Rxf5 Rxf5 26. Rxf5 Rc8 27. Ne2
Qg6 28. Rf1 Rc2 29. Qf4 Qg7 30. Qe4 Rxa2 31. Nd4 Qg6 32. Nf5 b6 33. Rc1 h5 34.
h3 1-0

[Event "XIII Festival B"]
[Site "Verona ITA"]
[Date "2007.01.06"]
[Round "5"]
[White "Martinez, Guido"]
[Black "Zoldan, Matteo"]
[Result "0-1"]
[WhiteElo "1941"]
[BlackElo "2105"]
[PlyCount "46"]
[EventDate "2007.01.03"]

1. d4 Nf6 2. c4 g6 3. Nf3 Bg7 4. Nc3 O-O 5. e4 d6 6. Be2 Na6 7. O-O e5 8. dxe5
dxe5 9. h3 c6 10. Be3 Qe7 11. a3 Nh5 12. Re1 Nc5 13. b4 Ne6 14. c5 Rd8 15. Qb1
Nd4 16. Nd2 Nf4 17. Bf1 Be6 18. Nc4 Bxc4 19. Bxc4 Nf3+ 20. Kh1 Nxe1 21. Qxe1
Rd7 22. Ne2 Rad8 23. Ra2 Rd1 0-1

[Event "XIII Festival B"]
[Site "Verona ITA"]
[Date "2007.01.06"]
[Round "6"]
[White "Zoldan, Matteo"]
[Black "Popa, Florin"]
[Result "1-0"]
[WhiteElo "2105"]
[BlackElo "2210"]
[PlyCount "117"]
[EventDate "2007.01.03"]

1. d4 g6 2. c4 Bg7 3. e4 d6 4. Nc3 Nd7 5. Be3 e5 6. Nge2 Ne7 7. Qd2 f5 8. f3
O-O 9. O-O-O c6 10. h4 f4 11. Bf2 h6 12. d5 c5 13. Kb1 a6 14. Nc1 Rb8 15. a3
Nf6 16. b4 cxb4 17. axb4 b6 18. Nb3 Bd7 19. Kc2 a5 20. bxa5 bxa5 21. Ra1 Ra8
22. Na4 Nc8 23. Be2 Qe8 24. Nc3 a4 25. Nc1 Nh5 26. Nd3 Bf6 27. Rhb1 Kh7 28. c5
dxc5 29. Nxc5 Nd6 30. Rb4 a3 31. Rb3 Ng3 32. Raxa3 Rf7 33. Nxd7 Rxd7 34. Bb5
Nxb5 35. Nxb5 Bxh4 36. Bc5 Rc8 37. Rc3 Be7 38. d6 Bf6 39. Qd5 Bg7 40. Bb6 Rxc3+
41. Rxc3 Nh5 42. Rc7 Nf6 43. Qc4 Bf8 44. Kb3 Kg7 45. Ba5 h5 46. Bc3 Bxd6 47.
Nxd6 Qb8+ 48. Nb5 Rxc7 49. Qxc7+ Qxc7 50. Nxc7 Nd7 51. Kc4 Kf6 52. Nd5+ Ke6 53.
Nb4 g5 54. Nd3 g4 55. fxg4 hxg4 56. Nc5+ Nxc5 57. Kxc5 f3 58. gxf3 gxf3 59. Be1
1-0

[Event "XIII Festival B"]
[Site "Verona ITA"]
[Date "2007.01.07"]
[Round "7"]
[White "Paleologu, Vladimir"]
[Black "Zoldan, Matteo"]
[Result "0-1"]
[WhiteElo "2168"]
[BlackElo "2105"]
[PlyCount "20"]
[EventDate "2007.01.03"]

1. e4 c5 2. a3 e6 3. b4 cxb4 4. axb4 Bxb4 5. Bb2 Nf6 6. e5 Nd5 7. c4 Nf4 8. h4
Qb6 9. Qg4 Bc5 10. Qxf4 Qxb2 0-1